The Lamp of the Intellect of Severus ibn al-Muqaffa', Bishop of al-Ashmūnain /

محفوظ في:

المؤلف الرئيسي: Sāwīrus ibn al-Muqaffaʻ,‪ Bishop of el-Ashmunein,‪ active 955-987 (مؤلف)

مؤلفون آخرون: Ebied, R. Y., Young, M. J. L.

التنسيق: كتاب

اللغة: English
Arabic

منشور في: Louvain : Secretariat du Corpus SCO, 1975.

سلاسل: Corpus Scriptorum Christianorum Orientalium. Scriptores Arabic ; 32-33.
CSCO. SA ; 32-33.

الموضوعات:

الوسوم: إضافة وسم

لا توجد وسوم, كن أول من يضع وسما على هذه التسجيلة!

رقم الطلب: BX100 .C8 A8 v.32-33

LEADER 01458namaa2200325 4500
003 OSt
005 20251020064132.0
008 130303s1975 be b 000 0 eng d
010 |a 76350274 
020 |a 2801700150 
040 |c ARCE Library 
041 1 |a eng  |h ara 
050 4 |a BX100 .C8 A8 v.32-33 
100 0 |6 880-01  |a Sāwīrus ibn al-Muqaffaʻ,‪  |c Bishop of el-Ashmunein,‪  |d active 955-987,  |e author  |9 39277 
240 1 0 |a مصباح العقل  |l English 
245 1 4 |a The Lamp of the Intellect of Severus ibn al-Muqaffa',   |b Bishop of al-Ashmūnain /   |c edited by R. Y. Ebied and M. J. L. Young. 
264 1 |a Louvain :  |b Secretariat du Corpus SCO,  |c 1975. 
300 |a 2 v. ;   |c 26 cm. 
490 0 |a Corpus Scriptorum Christianorum Orientalium. Scriptores Arabic ;   |v 32-33. 
490 0 |a CSCO. SA ;   |v 32-33. 
500 |a Translation of : مصباح العقل 
504 |a Includes bibliographical references. 
650 0 |a Apologetics  |v Early works to 1800. 
650 0 |a Coptic Church  |v Controversial literature 
700 1 |a Ebied, R. Y. 
700 1 |a Young, M. J. L. 
880 0 |6 100-01/(3/r  |a ساويرس بن المقفع،‪‪‪‪‪‪‪‪‪‪‪‪‪‪‪‪‪‪‪‪‪‪  |c (أسقف الأشمونين)،‪‪‪‪‪‪‪‪‪‪‪‪‪‪‪‪‪‪‪‪‪‪  |d كان حيا 955-987.‪‪‪‪‪‪‪‪‪‪‪‪‪‪‪‪‪‪‪‪‪‪ 
901 |a reviewed 
942 |c BK  |2 lcc 
999 |c 7393  |d 7393